The insurance angle of our workmen's compensation law.

Bibliographic Details
Main Author: Cleveland, Newcomb
Format: Book Chapter
Language:English
Series:Colorado School of Mines quarterly ; v.10, no.4.
Subjects:

MARC

Tag First Indicator Second Indicator Subfields
LEADER 00000caa a2200000 4500
001 in00000023995
005 20151007055613.0
008 880827m19079999cou 00000 eng d
035 |a (OCoLC)18419057 
035 |9 AAB8695AM 
040 |a TXA  |c TXA  |d UtOrBLW 
043 |a n-us-co 
049 |a TXAM  |c [A12594818] 
050 4 |a TN210  |b .C68 v.10, no.4, pt.3 
100 1 |a Cleveland, Newcomb. 
245 1 4 |a The insurance angle of our workmen's compensation law. 
300 |a pages 20-28. ;  |c 24 cm. 
336 |a text  |b txt  |2 rdacontent 
337 |a unmediated  |b n  |2 rdamedia 
338 |a volume  |b nc  |2 rdacarrier 
650 0 |a Workers' compensation  |z Colorado. 
650 0 |a Employers' liability insurance. 
773 0 |7 nnas  |t Quarterly of the Colorado School of Mines.  |d Golden, Colorado School of Mines press, 1907- .  |g v. 10, no. 4.  |w (OCoLC)1564155 
830 0 |a Colorado School of Mines quarterly ;  |v v.10, no.4. 
999 |a MARS 
999 f f |s 9a5ae8b4-5cb3-3cd5-93ab-0f9262d1a26e  |i aa3f15c9-c2c9-33fd-a037-0973e6ae5cfe  |t 0 
952 f f |p normal  |a Texas A&M University  |b College Station  |c Sterling C. Evans Library  |d Evans: Library Stacks  |t 0  |e TN210 .C68 v.9-10  |h Library of Congress classification  |i unmediated -- volume  |m A14839328589 
952 f f |a Texas A&M University  |b College Station  |c Sterling C. Evans Library  |d Evans: Library Stacks  |t 0  |e TN210 .C68 v.9-10  |h Library of Congress classification 
998 f f |a TN210 .C68 v.9-10  |t 0  |l Evans: Library Stacks